[Event "FRA-ch U16 Girls"]
[Site "Aix les Bains"]
[Date "2009.04.20"]
[Round "3"]
[White "Brajon, Victoria"]
[Black "Guo, Charlotte"]
[Result "0-1"]
[WhiteElo "1490"]
[BlackElo "1713"]
[PlyCount "98"]
[EventDate "2009.04.19"]
[EventType "swiss"]
[EventRounds "9"]
[EventCountry "FRA"]
[SourceTitle "CBM 130 Extra"]
[Source "ChessBase"]
[SourceDate "2009.07.02"]
[SourceVersion "2"]
[SourceVersionDate "2009.07.15"]
[SourceQuality "1"]

1. e4 e5 2. Nf3 Nc6 3. Bc4 Bc5 4. c3 Nf6 5. d3 d6 6. h3 Be6 7. Bb3 a6 8. Be3 Ba7 9. 0-0 h6 10. Nbd2 0-0 11. Bxa7 Rxa7 12. d4 exd4 13. cxd4 Bxb3 14. Qxb3 Re8 15. Rfe1 Qd7 16. Re2 Raa8 17. Rae1 b6 18. a3 d5 19. e5 Nh5 20. e6 Rxe6 21. Ne5 Nxe5 22. Rxe5 Rae8 23. Nf3 Nf6 24. R1e3 Rxe5 25. Nxe5 Qd6 26. Qd1 Re6 27. Qf3 Re7 28. h4 Nd7 29. Qf5 Nxe5 30. dxe5 Qe6 31. Qd3 a5 32. Qc2 c5 33. f4 Qg4 34. Qf2 d4 35. Qd2 Qxf4 36. Re2 Qxd2 37. Rxd2 Rxe5 38. Kf2 Re3 39. Re2 Rxe2+ 40. Kxe2 Kf8 41. Kd3 Ke7 42. Kc4 Kd6 43. b4 axb4 44. axb4 Ke5 45. bxc5 bxc5 46. Kd3 Kf4 47. Ke2 c4 48. Kf2 c3 49. g3+ Kg4 0-1

[Event "FRA-ch U16 Girls"]
[Site "Aix les Bains"]
[Date "2009.04.20"]
[Round "2"]
[White "Guo, Charlotte"]
[Black "Neuhauser, Salome"]
[Result "0-1"]
[WhiteElo "1713"]
[BlackElo "1977"]
[PlyCount "58"]
[EventDate "2009.04.19"]
[EventType "swiss"]
[EventRounds "9"]
[EventCountry "FRA"]
[SourceTitle "CBM 130 Extra"]
[Source "ChessBase"]
[SourceDate "2009.07.02"]
[SourceVersion "2"]
[SourceVersionDate "2009.07.15"]
[SourceQuality "1"]

1. e4 c5 2. Nf3 d6 3. d4 cxd4 4. Nxd4 Nf6 5. Nc3 a6 6. Bg5 e6 7. Be2 Be7 8. f4 Nbd7 9. Qd2 Qc7 10. f5 e5 11. Nf3 b5 12. 0-0 Bb7 13. Bd3 b4 14. Nd5 Nxd5 15. exd5 f6 16. Be3 Bxd5 17. Be2 Bb7 18. Qxb4 d5 19. Qd2 Nb6 20. c3 Nc4 21. Bxc4 Qxc4 22. Qf2 Rc8 23. Nd2 Qb5 24. Nb3 a5 25. a4 Qxb3 26. Bb6 0-0 27. Kh1 Ra8 28. Be3 Rfc8 29. Qd2 d4 0-1

[Event "FRA-ch U14 Girls"]
[Site "La Roche sur Yon"]
[Date "2008.04.23"]
[Round "5"]
[White "Guo, Charlotte"]
[Black "Alonso, Audrey"]
[Result "1/2-1/2"]
[WhiteElo "1700"]
[BlackElo "1530"]
[PlyCount "92"]
[EventDate "2008.04.21"]
[EventType "swiss"]
[EventRounds "9"]
[EventCountry "FRA"]
[SourceTitle "EXT 2010"]
[Source "ChessBase"]
[SourceDate "2010.11.25"]
[SourceVersion "1"]
[SourceVersionDate "2010.11.25"]
[SourceQuality "1"]

1. e4 e5 2. Nf3 Nc6 3. Bc4 Be7 4. d4 exd4 5. c3 Na5 6. Qxd4 Nxc4 7. Qxc4 d6 8. 0-0 Nf6 9. Be3 0-0 10. Nbd2 d5 11. exd5 Nxd5 12. Bd4 Be6 13. Qe2 Bf6 14. Rfe1 Re8 15. Bxf6 Nxf6 16. Qb5 Bd5 17. c4 Bc6 18. Qb4 Qd7 19. Ne5 Qd6 20. Nxc6 Qxc6 21. Nf3 Rad8 22. b3 h6 23. h3 b6 24. Rad1 a5 25. Rxe8+ Rxe8 26. Qd2 Qc5 27. Qd4 Qa3 28. Rd2 Qe7 29. Qd3 Qc5 30. Re2 Qc6 31. Rxe8+ Qxe8 32. Kf1 Kf8 33. Qe2 Qe7 34. Qxe7+ Kxe7 35. Ke2 Ne4 36. a4 Nc5 37. Nd2 Ke6 38. Ke3 f5 39. Kd4 Kd6 40. f3 g6 41. g4 fxg4 42. fxg4 g5 43. Ne4+ Nxe4 44. Kxe4 Ke6 45. Kd4 Kd6 46. Ke4 Ke6 1/2-1/2

[Event "FRA-chT Top 12 (Women)"]
[Site "Rennes"]
[Date "2007.05.12"]
[Round "2"]
[White "Guo, Charlotte"]
[Black "Fischer, Julie"]
[Result "1-0"]
[WhiteElo "1690"]
[BlackElo "1820"]
[PlyCount "121"]
[EventDate "2007.05.11"]
[EventType "team-tourn"]
[EventRounds "5"]
[EventCountry "FRA"]
[SourceTitle "CBM 118 Extra"]
[Source "ChessBase"]
[SourceDate "2007.07.04"]
[SourceVersion "1"]
[SourceVersionDate "2007.07.04"]
[SourceQuality "1"]
[WhiteTeam "Creteil"]
[BlackTeam "Bischwiller"]
[WhiteTeamCountry "FRA"]
[BlackTeamCountry "FRA"]

1. e4 c5 2. Nf3 Nc6 3. d4 cxd4 4. Nxd4 e5 5. Nb5 a6 6. Nd6+ Bxd6 7. Qxd6 Qf6 8. Qxf6 Nxf6 9. Nc3 b5 10. Bd3 Bb7 11. Be3 Nb4 12. 0-0 d5 13. exd5 Nbxd5 14. Nxd5 Nxd5 15. Rfe1 0-0-0 16. Rad1 Nxe3 17. fxe3 f6 18. c4 b4 19. Be2 a5 20. Rxd8+ Rxd8 21. Rd1 Ba6 22. Rxd8+ Kxd8 23. Kf2 Kc7 24. Kf3 Kd6 25. c5+ Kxc5 26. Bxa6 a4 27. Ke4 g6 28. b3 a3 29. Bc4 Kd6 30. Bg8 h6 31. Bf7 f5+ 32. Kd3 g5 33. g3 Kc5 34. Be6 f4 35. exf4 exf4 36. gxf4 gxf4 37. Ke4 Kd6 38. Bg8 Kc5 39. Bc4 f3 40. Bf1 f2 41. Ke5 h5 42. Be2 h4 43. Bf1 Kb6 44. Kd5 Ka5 45. Kc4 Kb6 46. Kxb4 Kc6 47. Kxa3 Kc5 48. Ka4 Kd4 49. Kb4 Ke3 50. Kc3 Ke4 51. a4 Kd5 52. b4 Kc6 53. Kc4 Kb6 54. a5+ Ka6 55. b5+ Ka7 56. Kc5 Kb8 57. Kb6 Ka8 58. Kc7 Ka7 59. b6+ Ka8 60. b7+ Ka7 61. b8Q# 1-0

[Event "FRA-ch U14 Girls"]
[Site "Le Grand Bornand"]
[Date "2007.04.??"]
[Round "8"]
[White "Guo, Charlotte"]
[Black "Khan, Mai Ly"]
[Result "0-1"]
[WhiteElo "1680"]
[BlackElo "1610"]
[PlyCount "124"]
[EventDate "2007.04.07"]
[EventType "swiss"]
[EventRounds "9"]
[EventCountry "FRA"]
[SourceTitle "CBM 118 Extra"]
[Source "ChessBase"]
[SourceDate "2007.07.04"]
[SourceVersion "1"]
[SourceVersionDate "2007.07.04"]
[SourceQuality "1"]

1. e4 c5 2. Nf3 Nc6 3. d4 cxd4 4. Nxd4 e5 5. Nb5 d6 6. N1c3 a6 7. Na3 b5 8. Nd5 Nf6 9. Bg5 Be7 10. Nxe7 Qxe7 11. c4 b4 12. Nc2 0-0 13. Ne3 Qe6 14. Bd3 Nd7 15. Nd5 Qg6 16. Qd2 Nc5 17. Bc2 Nxe4 18. Qe3 Bf5 19. h4 Nxg5 20. Bxf5 Qxf5 21. hxg5 a5 22. Qh3 Qe4+ 23. Ne3 Nd4 24. Rc1 b3 25. axb3 Nxb3 26. Rd1 Nd4 27. 0-0 Rab8 28. Rb1 Ne2+ 29. Kh1 Nf4 30. Qf5 Qxf5 31. Nxf5 Nd3 32. b3 Rb6 33. Kg1 Rfb8 34. Ra1 g6 35. Ne7+ Kf8 36. Nd5 Rxb3 37. Rxa5 Nf4 38. Ra7 R3b7 39. Rxb7 Rxb7 40. Rd1 Ne6 41. Nf6 Nxg5 42. Rxd6 Ke7 43. Ra6 h5 44. Nd5+ Kd8 45. Ra1 Kd7 46. Rc1 Kc6 47. Ne3 Ne6 48. Kf1 Nd4 49. g3 Kc5 50. Kg2 Rb4 51. Kh3 Rb2 52. Rf1 Nf3 53. Kg2 Nd2 54. Rc1 Ne4 55. Rf1 f5 56. Kg1 f4 57. gxf4 exf4 58. Ng2 g5 59. f3 Nd2 60. Rd1 Rb1 61. Rxb1 Nxb1 62. Kf2 Kxc4 0-1

[Event "FRA-ch U14 Girls"]
[Site "Le Grand Bornand"]
[Date "2007.04.??"]
[Round "9"]
[White "Pinault, Mailys"]
[Black "Guo, Charlotte"]
[Result "0-1"]
[WhiteElo "1460"]
[BlackElo "1680"]
[PlyCount "140"]
[EventDate "2007.04.07"]
[EventType "swiss"]
[EventRounds "9"]
[EventCountry "FRA"]
[SourceTitle "CBM 118 Extra"]
[Source "ChessBase"]
[SourceDate "2007.07.04"]
[SourceVersion "1"]
[SourceVersionDate "2007.07.04"]
[SourceQuality "1"]

1. e4 e5 2. Nc3 Nf6 3. f4 exf4 4. e5 Ng8 5. Nf3 d6 6. d4 dxe5 7. dxe5 Qxd1+ 8. Nxd1 Bf5 9. c3 Nc6 10. Bxf4 Bc5 11. Bb5 Nge7 12. Ne3 Bxe3 13. Bxe3 0-0-0 14. 0-0 a6 15. Bc4 Ng6 16. Bxf7 Rhf8 17. Bxg6 Bxg6 18. Bd4 Be4 19. Rad1 Bxf3 20. gxf3 Rf4 21. e6 Nxd4 22. cxd4 Rdxd4 23. Rxd4 Rxd4 24. e7 Kd7 25. Re1 Ke8 26. Re2 Rd7 27. Kg2 Rxe7 28. Rd2 Rd7 29. Re2+ Kf7 30. Kg3 c5 31. Kf4 c4 32. h4 Rd4+ 33. Kg3 b5 34. a3 Rd5 35. Kf4 Rd4+ 36. Kg3 Rd6 37. Kf4 Rc6 38. Rc2 a5 39. Ke4 Rh6 40. Rh2 Rd6 41. Ke5 Ke7 42. Rg2 g6 43. h5 Kd7 44. hxg6 hxg6 45. Rh2 Kc6 46. Rg2 b4 47. axb4 axb4 48. Rc2 Kc5 49. Ke4 Rc6 50. Ke5 Kb5 51. Kd4 Rd6+ 52. Ke5 Kc5 53. Ke4 Re6+ 54. Kf4 Kb5 55. Kg5 Rc6 56. Kf4 Ka4 57. Ke3 Kb3 58. Kd2 Rd6+ 59. Kc1 Rd3 60. Rf2 c3 61. bxc3 bxc3 62. f4 Re3 63. Rf1 Re2 64. Kd1 Ra2 65. Rf3 Ra1+ 66. Ke2 Kb2 67. Kd3 c2 68. Rf2 Rd1+ 69. Ke4 Kb1 70. Rxc2 Kxc2 0-1

[Event "FRA-chT U20 0506"]
[Site "France"]
[Date "2005.11.13"]
[Round "2.6"]
[White "Guo, Charlotte"]
[Black "Aflalo, Sophie"]
[Result "0-1"]
[WhiteElo "1099"]
[BlackElo "1984"]
[PlyCount "94"]
[EventDate "2005.11.12"]
[EventType "team-tourn"]
[EventRounds "3"]
[EventCountry "FRA"]
[SourceTitle "CBM 109 Extra"]
[Source "ChessBase"]
[SourceDate "2006.01.03"]
[SourceVersion "2"]
[SourceVersionDate "2006.01.03"]
[SourceQuality "1"]

1. e4 c5 2. Nf3 Nc6 3. Nc3 e6 4. Bc4 a6 5. 0-0 b5 6. Be2 Qc7 7. d3 Bd6 8. Be3 Bb7 9. b3 Ne5 10. g3 Nf6 11. Qd2 h5 12. Rfe1 h4 13. Nxh4 Neg4 14. Bg5 b4 15. Na4 Be5 16. Rac1 Bc6 17. c4 Bxa4 18. bxa4 Bc3 19. Rxc3 bxc3 20. Qxc3 Qe5 21. Qxe5 Nxe5 22. f4 Nc6 23. e5 Ng8 24. Bf3 Rb8 25. a3 Rb3 26. Re3 Rxa3 27. Bd1 Nb4 28. Be2 Rxa4 29. Bd1 Ra1 30. Re1 Nc2 31. Rf1 Ne3 32. Re1 Rxd1 33. Kf2 Rxe1 34. Kxe1 Nc2+ 35. Kd2 Nd4 36. Ke3 a5 37. Kd2 f6 38. exf6 gxf6 39. Bxf6 Nxf6 40. Ke3 Nc2+ 41. Kd2 Nb4 42. Nf3 Nc6 43. Ke3 Ng4+ 44. Ke2 Nxh2 45. Nxh2 Rxh2+ 46. Ke1 a4 47. Kd1 a3 0-1